00677 a2200193 450000100060000002000150000604000240002110000280004524000570007324500520013030000070018236200090018944000220019865000310022094200070025195201040025895201040036299900170046669799 a8510033951 cAnchieta - Itaigara aJannone, Leila Rentroia10aCom a ponta dos dedos e os olhos do coraçãolpor10aCom a ponta dos dedos e os olhos do coração a390 a2005 1aEditora do Brasil 4aLiteratura infanto-juvenil cBK 00104070a88.1b88.1d2023-11-21l0o028.5 JAN COMp2532/ITAr2023-11-21 20:04:31w2023-11-21yBK 00104070a88.1b88.1d2023-11-21l0o028.5 JAN COMp2533/ITAr2023-11-21 20:04:31w2023-11-21yBK c69799d69799